00271 a2200133 4500001000700000020001800007040001100025100003400036240002400070245001900094300000700113362000900120440000800129192672 a85-7153-041-6 cMagnum aAraujo, Maria Lysia Correa de10aAcorda, Luiz !lpor10aAcorda, Luiz ! a120 a1991 1aRHJ